[Event "GER-chT U10"]
[Site "Magdeburg"]
[Date "2013.12.27"]
[Round "2.2"]
[White "Rusack, Noah"]
[Black "Breitzmann, Sander"]
[Result "0-1"]
[WhiteElo "894"]
[BlackElo "1411"]
[PlyCount "60"]
[EventDate "2013.12.27"]
[EventType "team-swiss"]
[EventRounds "5"]
[EventCountry "GER"]
[SourceTitle "EXT 2015"]
[Source "ChessBase"]
[SourceDate "2014.11.20"]
[SourceVersion "1"]
[SourceVersionDate "2014.11.20"]
[SourceQuality "1"]
[WhiteTeam "Treptow"]
[BlackTeam "Berlin Empor"]
[WhiteTeamCountry "GER"]
[BlackTeamCountry "GER"]

1. d4 d5 2. Nf3 Nf6 3. e3 e6 4. Bd3 c5 5. c3 Nc6 6. Nbd2 cxd4 7. cxd4 Bd6 8. 0-0 0-0 9. e4 e5 10. dxe5 Nxe5 11. Re1 Nxd3 12. Re3 Nf4 13. e5 Bc5 14. Rc3 Bb4 15. exf6 Bxc3 16. bxc3 Qxf6 17. Nd4 Nd3 18. Qe2 Bf5 19. Nxf5 Qxf5 20. Rb1 Rfe8 21. Qf3 Re1+ 22. Nf1 Qxf3 23. gxf3 Rxc1 24. Rxb7 Nf4 25. Rb4 g5 26. h4 h6 27. a4 Rxc3 28. Ne3 Rd3 29. Kh2 d4 30. Nf5 Rxf3 0-1